Online
Catalog

Bolivar / (Record no. 32775)

MARC details
000 -CABECERA
campo de control de longitud fija 00428nam a2200145 a 4500
001 - NÚMERO DE CONTROL
campo de control 000033284
005 - FECHA Y HORA DE LA ÚLTIMA TRANSACCIÓN
campo de control 20200930070142.0
008 - DATOS DE LONGITUD FIJA--INFORMACIÓN GENERAL
campo de control de longitud fija 110823s1938 dr 000 0 spa d
040 ## - FUENTE DE LA CATALOGACIÓN
Centro catalogador/agencia de origen DO-SdBNP
Lengua de catalogación spa
Centro/agencia transcriptor BNPHU
082 ## - NÚMERO DE LA CLASIFICACIÓN DECIMAL DEWEY
Número de clasificación xxx
Número de documento/Ítem C744b
100 1# - ENTRADA PRINCIPAL--NOMBRE DE PERSONA
Nombre de persona Concepción, J. Agustín
9 (RLIN) 22539
245 10 - MENCIÓN DE TÍTULO
Título Bolivar /
Mención de responsabilidad, etc. J. Agustín Concepción.
260 ## - PUBLICACIÓN, DISTRIBUCIÓN, ETC.
Lugar de publicación, distribución, etc. Ciudad Trujillo, República Dominicana :
Nombre del editor, distribuidor, etc. [s.n.],
Fecha de publicación, distribución, etc. 1938.
300 ## - DESCRIPCIÓN FÍSICA
Extensión 17 p. ;
Dimensiones 22 cm.
Holdings
Estado de retiro Estado de pérdida Restricciones de uso No para préstamo Código de colección Localización permanente Ubicación/localización actual Ubicación en estantería Fecha de adquisición Número de inventario Total de préstamos Signatura topográfica completa Código de barras Fecha visto por última vez Precio válido a partir de Tipo de ítem Koha Nota pública
      Excluido de préstamo Raros y valiosos Patrimonio Dominicano Patrimonio Dominicano En catalogación 23.08.2011 LF1   xxx C744b 33284-10 25.06.2020 25.06.2020 No se presta Perteneció a la biblioteca personal de Martínez Boog.

Powered by Koha